000 00256nam a2200109Ia 4500
008 220204s9999 xx 000 0 und d
082 _a291.8
_bNAR
100 _aNarayan, R K
245 0 _aMahabharata
260 _aMysore
_bIndian thought
_c1978
942 _cBK
999 _c33598
_d33598